| 000 | 00813nam a22002657i 4500 | ||
|---|---|---|---|
| 003 | DO-SdBNP | ||
| 005 | 20250416105155.0 | ||
| 007 | ta | ||
| 008 | 250416b2024 |||||||| |||| 00| 0 eng d | ||
| 020 | _a2789945250985 | ||
| 040 |
_aDO-SdBNP _bspa _cBNPHU _erda |
||
| 041 | _hspa | ||
| 082 | 4 |
_axxx _bJ942e _222 |
|
| 100 | 0 |
_aJulián, Amadeo _eautor _936069 |
|
| 245 | 1 | 0 |
_aEconomía, circulación monetaria, población y real hacienda en Santo Domingo en los siglos XVI,XVII Y XVIII / _cAmadeo Julián |
| 250 | _aPrimera edición | ||
| 264 |
_aSanto Domingo : _bCorripio, _c2024. |
||
| 300 |
_a509 páginas ; _c26 cm |
||
| 336 |
_ardacontent _btexto _2txt |
||
| 337 |
_ardamedia _bsin mediación _2n |
||
| 338 |
_ardacarrier _bvolumen _2nc |
||
| 590 | _aInventariado, 2025/DG | ||
| 910 | _aDG | ||
| 942 |
_2ddc _cLBS1 |
||
| 999 |
_c58475 _d58475 |
||